還好, 我帶媽媽去看了世界 / (Record no. 7669)

MARC details
000 -LEADER
fixed length control field 00686cam a2200253 i 4500
001 - CONTROL NUMBER
control field 1145985
003 - CONTROL NUMBER IDENTIFIER
control field YEEZEN
005 - DATE AND TIME OF LATEST TRANSACTION
control field 20250729150840.0
008 - FIXED-LENGTH DATA ELEMENTS--GENERAL INFORMATION
fixed length control field 250221s2025 ch a g 000 0 chi d
020 ## - INTERNATIONAL STANDARD BOOK NUMBER
International Standard Book Number 9786264192033
Qualifying information (平裝) :
Terms of availability NT$420
040 ## - CATALOGING SOURCE
Original cataloging agency PTTCL
Language of cataloging chi
Transcribing agency PTTCL
042 ## - AUTHENTICATION CODE
Authentication code nbic
084 ## - OTHER CLASSIFICATION NUMBER
Classification number 719
Number source ncsclt
090 ## - LOCALLY ASSIGNED LC-TYPE CALL NUMBER (OCLC); LOCAL CALL NUMBER (RLIN)
Classification number (OCLC) (R) ; Classification number, CALL (RLIN) (NR) 719
100 1# - MAIN ENTRY--PERSONAL NAME
Personal name 沈昌賢
245 10 - TITLE STATEMENT
Title 還好, 我帶媽媽去看了世界 /
Statement of responsibility, etc. 沈昌賢(Vocal)著
250 ## - EDITION STATEMENT
Edition statement 初版
260 ## - PUBLICATION, DISTRIBUTION, ETC.
Place of publication, distribution, etc. 臺北市 :
Name of publisher, distributor, etc. 時報文化,
Date of publication, distribution, etc. 2025.02
300 ## - PHYSICAL DESCRIPTION
Extent 254, [1] 面 :
Other physical details 彩圖 ;
Dimensions 21 公分
490 0# - SERIES STATEMENT
Series statement Across ;
Volume/sequential designation 083.
650 #7 - SUBJECT ADDED ENTRY--TOPICAL TERM
Topical term or geographic name entry element 旅遊文學
Source of heading or term lcstt.
650 #7 - SUBJECT ADDED ENTRY--TOPICAL TERM
Topical term or geographic name entry element 世界地理
Source of heading or term lcstt.
942 ## - ADDED ENTRY ELEMENTS (KOHA)
Source of classification or shelving scheme 中文圖書分類法
Koha item type 一般圖書
Holdings
撤銷狀態 遺失狀態 分類號來源 損壞狀態 不外借 永久館藏地 現在館藏地 書架位置 採購日期 全部借出 全部續借 完整索書號 條碼號 最後一次日期記錄 Date last checked out 一般價格有效日期 Koha館藏類型 公開資訊
未註銷館藏 未遺失 中文圖書分類法 未損毀 可外借 怡仁綜合醫院圖書館 怡仁綜合醫院圖書館   2025-07-29 4 1 719 C03255 2025-10-23 2025-10-13 2025-07-29 一般圖書 在這段與母親朝夕相處的過程中,Vocal面臨了世代價值觀衝擊,以及與長輩出遊的難題,但是敞開心胸對話之後發現,神媽媽是位默契十足的神隊友。一路上,他們用好奇心迎接各種突如其來的挑戰,用心靈去感受日常微小的幸福,重新找回童心,並且在旅途中創造屬於自己的動人故事和回憶……
怡仁醫院| 地址:32643桃園市楊梅區楊新北路321巷30號 | 服務專線:03-4855566 | 電子郵件信箱:
Copyright © 1996 CHC Hospital